<?xml version="1.0" encoding="UTF-8"?><?xml-stylesheet type="text/xsl" href="static/style.xsl"?><OAI-PMH xmlns="http://www.openarchives.org/OAI/2.0/" xmlns:xsi="http://www.w3.org/2001/XMLSchema-instance" xsi:schemaLocation="http://www.openarchives.org/OAI/2.0/ http://www.openarchives.org/OAI/2.0/OAI-PMH.xsd"><responseDate>2026-04-27T08:17:35Z</responseDate><request verb="GetRecord" identifier="oai:uvadoc.uva.es:10324/73287" metadataPrefix="marc">https://uvadoc.uva.es/oai/request</request><GetRecord><record><header><identifier>oai:uvadoc.uva.es:10324/73287</identifier><datestamp>2025-02-11T18:14:01Z</datestamp><setSpec>com_10324_1157</setSpec><setSpec>com_10324_931</setSpec><setSpec>com_10324_894</setSpec><setSpec>col_10324_1298</setSpec></header><metadata><record xmlns="http://www.loc.gov/MARC21/slim" xmlns:doc="http://www.lyncode.com/xoai" xmlns:xsi="http://www.w3.org/2001/XMLSchema-instance" xmlns:dcterms="http://purl.org/dc/terms/" xsi:schemaLocation="http://www.loc.gov/MARC21/slim http://www.loc.gov/standards/marcxml/schema/MARC21slim.xsd">
<leader>00925njm 22002777a 4500</leader>
<datafield tag="042" ind1=" " ind2=" ">
<subfield code="a">dc</subfield>
</datafield>
<datafield tag="720" ind1=" " ind2=" ">
<subfield code="a">Pérez Bartolomé, Isidro Alberto</subfield>
<subfield code="e">author</subfield>
</datafield>
<datafield tag="720" ind1=" " ind2=" ">
<subfield code="a">García Pérez, María Ángeles</subfield>
<subfield code="e">author</subfield>
</datafield>
<datafield tag="720" ind1=" " ind2=" ">
<subfield code="a">Rasekhi, Saeed</subfield>
<subfield code="e">author</subfield>
</datafield>
<datafield tag="720" ind1=" " ind2=" ">
<subfield code="a">Pazoki , Fatemeh</subfield>
<subfield code="e">author</subfield>
</datafield>
<datafield tag="720" ind1=" " ind2=" ">
<subfield code="a">Fernández Duque, Beatriz</subfield>
<subfield code="e">author</subfield>
</datafield>
<datafield tag="260" ind1=" " ind2=" ">
<subfield code="c">2024</subfield>
</datafield>
<datafield tag="520" ind1=" " ind2=" ">
<subfield code="a">Understanding and describing how urban heat islands evolve is important, given the noticeable impact they have on people living in cities. This paper considers the London heat island from gridded values with one-arcminute spatial resolution over a 33-year period, from 1990 to 2022. Among the available variables in the database, maximum and minimum air temperatures were used. A cold island was not observed, since temperatures in the city centre were higher than those in the surroundings during the day and at night. However, the urban heat island extension was higher for the maximum temperature, whereas this island was limited to the city centre for the minimum temperature, in line with the area delimited by the congestion charge. Lamb weather types were determined, and it was found that the anticyclonic type prevailed, followed by southwest, west, and cyclonic types. The difference between both temperatures was about 6.8 °C in the city centre, and was particularly defined for anticyclonic and cyclonic types. Moreover, anticyclonic situations were linked with the highest urban heat island intensities for minimum temperature. Finally, the temperature trend was similar for both temperatures –about 0.2–0.3 °C/10 years in the city centre– thereby offering a possible quantification of climate change.</subfield>
</datafield>
<datafield tag="024" ind2=" " ind1="8">
<subfield code="a">Sustainable Cities and Society, noviembre 2024, vol. 114, 10574</subfield>
</datafield>
<datafield tag="024" ind2=" " ind1="8">
<subfield code="a">2210-6707</subfield>
</datafield>
<datafield tag="024" ind2=" " ind1="8">
<subfield code="a">https://uvadoc.uva.es/handle/10324/73287</subfield>
</datafield>
<datafield tag="024" ind2=" " ind1="8">
<subfield code="a">10.1016/j.scs.2024.105743</subfield>
</datafield>
<datafield tag="024" ind2=" " ind1="8">
<subfield code="a">105743</subfield>
</datafield>
<datafield tag="024" ind2=" " ind1="8">
<subfield code="a">Sustainable Cities and Society</subfield>
</datafield>
<datafield tag="024" ind2=" " ind1="8">
<subfield code="a">114</subfield>
</datafield>
<datafield tag="245" ind1="0" ind2="0">
<subfield code="a">Extension and trend of the London urban heat island under Lamb weather types</subfield>
</datafield>
</record></metadata></record></GetRecord></OAI-PMH>